000 01626nam a2200373Ia 4500
001 ebr10331433
003 CaPaEBR
006 m u
007 cr cn|||||||||
008 090320s2009 enk sb 001 0 eng d
010 _z 2009012093
020 _z9780754674283 (hardcover : alk. paper)
020 _z9780754690467 (ebook : alk. paper)
040 _aCaPaEBR
_cCaPaEBR
035 _a(OCoLC)463826754
050 1 4 _aHT169.G72
_bL354 2009eb
100 1 _aCoaffee, Jon.
245 1 0 _aTerrorism, risk and the global city: towards urban resilience
_h[electronic resource] /
_cby Jon Coaffee.
260 _aFarnham, Surrey, England :
_bAshgate Pub.,
_cc2009.
300 _axii, 361 p.
504 _aIncludes bibliographical references and index.
533 _aElectronic reproduction.
_bPalo Alto, Calif. :
_cebrary,
_d2009.
_nAvailable via World Wide Web.
_nAccess may be limited to ebrary affiliated libraries.
650 0 _aCity planning
_zEngland
_zLondon.
650 0 _aTerrorism
_zEngland
_zLondon
_xPrevention.
650 0 _aCity and town life
_zEngland
_zLondon
_xPsychological aspects.
650 0 _aPublic buildings
_xSecurity measures
_zEngland
_zLondon.
650 0 _aCrime prevention and architectural design
_zEngland
_zLondon.
650 0 _aRisk perception
_zEngland
_zLondon.
650 0 _aEmergency management
_zEngland
_zLondon.
650 0 _aLondon Terrorist Bombings, London, England, 2005.
655 7 _aElectronic books.
_2local
710 2 _aebrary, Inc.
856 4 0 _uhttp://site.ebrary.com/lib/rucke/Doc?id=10331433
_zAn electronic book accessible through the World Wide Web; click to view
999 _c51346
_d51346